00872nam a2200205Ia 4500003000400000005001700004008004100021020001800062040000900080082001900089100002700108245009100135260005700226300000900283650002100292942004400313952014700357952014700504999001500651OSt20201006105957.0190216s9999||||xx |||||||||||||| ||und|| a9780071135320 coclc a005.133bMAY/T aMayo, William E 95345 0aTheory And Problems Of Programming With Fortran 77 /cWilliam E Mayo ; Martin Cwiakala bMcgraw-Hill International Edition,c1995.aNew York: a346p aComputer Science cBK2ddch005.133iMAY/Tk005.133mMAY/T 00102ddc40708COMPUTER SCIENCEaMESbMEScCOMPd2019-02-20g275.00l0o005.133 MAY/Tp27088r2019-02-20 00:00:00t2w2019-02-20yBKzGL31R3 00102ddc40708COMPUTER SCIENCEaMESbMEScCOMPd2019-02-20g281.00l0o005.133 MAY/Tp30784r2019-02-20 00:00:00t3w2019-02-20yBKzGL31R3 c8656d8656